000
00203nam a2200085Ia 4500
008
170617s9999 xx 000 0 und d
100
_a
Kalia- A.N
245
0
_a
Text book of Industrial Pharmacognosy
260
_b
C.B.S
260
_c
2009
999
_c
15219
_d
15219